Normal view
MARC view
- Wonder that was india
Entry Topical Term
001 - CONTROL NUMBER
- control field: 6726
003 - CONTROL NUMBER IDENTIFIER
- control field: NUST
005 - DATE AND TIME OF LATEST TRANSACTION
- control field: 20171123104018.0
008 - FIXED-LENGTH DATA ELEMENTS
- fixed length control field: 171123|| aca||aabn | a|a d
040 ## - CATALOGING SOURCE
- Original cataloging agency: NUST
- Transcribing agency: NUST
150 ## - HEADING--TOPICAL TERM
- Topical term or geographic name entry element: Wonder that was india
670 ## - SOURCE DATA FOUND
- Source citation: Work cat.: (NUST)0: Basham, A. L. 6724, The wonder that was India:, 2004
